[Event "Epernay/ENHM"]
[Site "?"]
[Date "2015.01.11"]
[Round "4"]
[White "Viard, Dominique"]
[Black "Leroy, Patrick"]
[Result "0-1"]
[WhiteElo "2000"]
[BlackElo "1810"]
[PlyCount "102"]
[EventDate "2015.01.14"]
[SourceDate "2015.01.17"]

1. Nf3 Nf6 2. d4 d5 3. c4 e6 4. g3 b6 5. cxd5 exd5 6. Bg2 Bb4+ 7. Nbd2 O-O 8.
O-O Bb7 9. a3 Bd6 10. Qc2 Nbd7 11. b4 Re8 12. Nb3 h6 13. Nh4 Rc8 14. Nf5 Bf8
15. Bb2 c5 16. dxc5 bxc5 17. b5 Qb6 18. a4 d4 19. Bxb7 Qxb7 20. Na5 Qe4 21.
Qxe4 Rxe4 22. Rfe1 g6 23. f3 Re6 24. Nh4 Rce8 25. Kf2 a6 26. bxa6 Rxa6 27. Nc4
Nb6 28. Nxb6 Rxb6 29. Ra2 Reb8 30. Bc1 Nd5 31. Bd2 c4 32. e4 Nb4 33. Bxb4 Rxb4
34. Ng2 c3 35. Nf4 Rb2+ 36. Rxb2 Rxb2+ 37. Re2 c2 38. Nd3 Bc5 39. Ke1 Bb4+ 40.
Kf2 Bd2 41. a5 Bxa5 42. Nc1 Bb6 43. Ke1 Bc5 44. Kd2 Ba3 45. Kd3 Rb1 46. Rxc2
Rxc1 47. Ra2 Bc5 48. Ra5 Rc3+ 49. Kd2 Bb4 50. Ra8+ Kg7 51. Rb8 Ba5 0-1

[Event "Epernay/ENHM"]
[Site "?"]
[Date "2015.01.11"]
[Round "4"]
[White "Crepaux, Jean Marie"]
[Black "Robert Dehault, Etienne"]
[Result "1-0"]
[WhiteElo "1870"]
[BlackElo "1892"]
[PlyCount "39"]
[EventDate "2015.01.14"]
[SourceDate "2015.01.17"]

1. e4 c6 2. d4 d5 3. e5 Bf5 4. g4 Bd7 5. Nc3 e6 6. Nf3 c5 7. Ne2 cxd4 8. Nexd4
Nc6 9. c3 Nge7 10. Bd3 Ng6 11. Qe2 Qc8 12. Nxc6 bxc6 13. O-O Be7 14. Re1 c5 15.
c4 Bc6 16. cxd5 Bxd5 17. Bb5+ Kf8 18. Bd3 Bxf3 19. Qxf3 Nxe5 20. Rxe5 1-0

[Event "Epernay/ENHM"]
[Site "?"]
[Date "2015.01.11"]
[Round "4"]
[White "Talbot, Remi"]
[Black "Tatard, Marie"]
[Result "1-0"]
[WhiteElo "1720"]
[BlackElo "1845"]
[PlyCount "93"]
[EventDate "2015.01.14"]
[SourceDate "2015.01.17"]

1. d4 Nf6 2. c4 g6 3. Nc3 Bg7 4. e4 d6 5. Nf3 O-O 6. Be2 c5 7. d5 h6 8. O-O
Nbd7 9. Ne1 Re8 10. f3 Nf8 11. Bf4 g5 12. Bg3 Nh5 13. Bf2 Nf4 14. Nd3 N8g6 15.
Nxf4 Nxf4 16. Rb1 Bd7 17. Qd2 Qc8 18. Bd1 a6 19. Ne2 Ng6 20. Bc2 Ne5 21. b3 Ng6
22. Bg3 f5 23. f4 g4 24. Rbe1 h5 25. e5 h4 26. e6 Bxe6 27. dxe6 hxg3 28. Nxg3
Bd4+ 29. Kh1 Kh8 30. Bxf5 Nh4 31. Bxg4 Rg8 32. Bh3 Qf8 33. f5 Qg7 34. Re4 Qh7
35. Rff4 Bf6 36. Qe2 Bg5 37. Rf1 Raf8 38. Qh5 Rg7 39. Qxh7+ Rxh7 40. Rg4 Be3
41. Re4 Bg5 42. Ne2 Rh6 43. g3 Nf3 44. Rxf3 Rxh3 45. Nf4 Rh6 46. Nd5 Kh7 47.
Kg2 1-0

[Event "Epernay/ENHM"]
[Site "?"]
[Date "2015.01.11"]
[Round "4"]
[White "Robert, Guillaume"]
[Black "Laurain, Hery Dominic"]
[Result "0-1"]
[WhiteElo "1650"]
[BlackElo "1560"]
[PlyCount "86"]
[EventDate "2015.01.14"]
[SourceDate "2015.01.17"]

1. d4 d5 2. Nf3 Bf5 3. e3 e6 4. Be2 c5 5. c4 Nf6 6. Qb3 Qc7 7. cxd5 cxd4 8.
Bb5+ Nbd7 9. Bxd7+ Nxd7 10. O-O dxe3 11. Bxe3 Bd6 12. Rc1 Qb8 13. dxe6 Bxe6 14.
Qc2 Nf6 15. Nc3 O-O 16. Bd4 Qd8 17. Re1 Bg4 18. Ng5 Bxh2+ 19. Kxh2 Qxd4 20.
Rad1 Qf4+ 21. Kg1 Qxg5 22. Re7 Bxd1 23. Qxd1 Rad8 24. Qf3 Qg4 25. Qxb7 Rd7 26.
Rxd7 Qxd7 27. Qb4 h6 28. a4 Qc7 29. a5 Rb8 30. Qa3 Qb7 31. Na4 Qb3 32. Qa1 Rd8
33. Nc3 Ne4 34. Kh2 Nxc3 35. bxc3 Rd1 36. Qxd1 Qxd1 37. a6 Qd6+ 38. g3 Qxa6 39.
Kh3 Qc4 40. f3 Qxc3 41. Kg4 a5 42. f4 a4 43. Kh4 a3 0-1

[Event "Epernay/ENHM"]
[Site "?"]
[Date "2015.01.11"]
[Round "4"]
[White "Akremann, Jordan"]
[Black "Marchal, Ludovic"]
[Result "0-1"]
[WhiteElo "1530"]
[BlackElo "1700"]
[PlyCount "62"]
[EventDate "2015.01.14"]
[SourceDate "2015.01.17"]

1. e4 e6 2. d4 d5 3. Nd2 Nf6 4. e5 Nfd7 5. Ngf3 c5 6. c3 Nc6 7. Be2 cxd4 8.
cxd4 f6 9. exf6 Nxf6 10. Nb3 Bd6 11. Bg5 O-O 12. a3 Qb6 13. O-O Bd7 14. Re1
Rae8 15. Qc2 Ne4 16. Bd3 Rxf3 17. Bxe4 Rxb3 18. Bxh7+ Kf8 19. Re3 Nxd4 20. Qg6
Nf5 21. g4 Nxe3 22. Bxe3 Rxe3 23. Rf1 Re4 24. h4 e5 25. g5 Rg4+ 26. Kh2 e4+ 27.
Kh1 Rxh4+ 28. Kg2 Bh3+ 29. Kg1 Bh2+ 30. Kxh2 Qxg6 31. Bxg6 Bxf1+ 0-1

[Event "Epernay/ENHM"]
[Site "?"]
[Date "2015.01.11"]
[Round "4"]
[White "Peteuil, Camille"]
[Black "Ramos, Vincent"]
[Result "0-1"]
[WhiteElo "1450"]
[BlackElo "1199"]
[PlyCount "78"]
[EventDate "2015.01.14"]
[SourceDate "2015.01.17"]

1. e4 e5 2. Nf3 Nc6 3. Bc4 Bc5 4. Nc3 Nf6 5. d3 Ng4 6. O-O O-O 7. Ng5 Nh6 8.
Qh5 Qe7 9. Nb5 d6 10. Nxf7 Nxf7 11. Bg5 Qd7 12. Qf3 Nd4 13. Nxd4 Bxd4 14. c3 b5
15. Bb3 Bb6 16. Rad1 Bb7 17. Qg3 d5 18. Bf6 g6 19. h4 dxe4 20. dxe4 Qc6 21. h5
Qxf6 22. Rd7 Bxe4 23. Re1 Bc6 24. Rxf7 Rxf7 25. Rxe5 Re8 26. Bxf7+ Qxf7 27. Kh2
Rxe5 28. Qxe5 Qxf2 29. Qe6+ Qf7 30. Qxc6 Qf4+ 31. Kh3 Qf5+ 32. Kh2 Qxh5+ 33.
Kg3 Qe5+ 34. Kh3 Qe3+ 35. Kg4 h5+ 36. Kh4 Qf2+ 37. Kh3 Qe3+ 38. Kh4 Qf4+ 39.
Kh3 Qg4+ 0-1

[Event "ENHM/La Tour du Roi"]
[Site "?"]
[Date "2015.02.01"]
[Round "5"]
[White "Moret, Florian"]
[Black "Pytel, Krysthof"]
[Result "0-1"]
[WhiteElo "1950"]
[BlackElo "2295"]
[PlyCount "42"]
[EventDate "2015.02.04"]
[SourceDate "2015.02.04"]

1. e4 d6 2. d4 g6 3. Nc3 Nf6 4. f4 Bg7 5. Nf3 O-O 6. Bc4 c5 7. O-O cxd4 8. Nxd4
Nc6 9. Nxc6 bxc6 10. Qe1 d5 11. Bd3 e6 12. Kh1 a5 13. Qh4 Ba6 14. Rf3 Nxe4 15.
Qxd8 Rfxd8 16. Bxa6 Rxa6 17. Nxe4 dxe4 18. Rf1 f5 19. Rb1 Rb6 20. b3 Bc3 21.
Be3 Rb5 0-1

[Event "ENHM/La Tour du Roi"]
[Site "?"]
[Date "2015.02.01"]
[Round "5"]
[White "Halfaoui, Eddine"]
[Black "Viard, Dominique"]
[Result "1-0"]
[WhiteElo "1968"]
[BlackElo "2000"]
[PlyCount "154"]
[EventDate "2015.02.04"]
[SourceDate "2015.02.04"]

1. d4 d5 2. Nf3 Nf6 3. Bf4 g6 4. e3 Bg7 5. Be2 O-O 6. O-O Bg4 7. Nbd2 Nbd7 8.
Ne5 Nxe5 9. Bxe5 Bd7 10. c4 c6 11. Qb3 b6 12. Rac1 e6 13. Rfd1 Ne8 14. Bxg7
Kxg7 15. e4 Nc7 16. Qc3 f6 17. b3 Qe7 18. Qg3 Rac8 19. Bf3 f5 20. exf5 exf5 21.
Re1 Qf6 22. Qe5 Rfe8 23. Qxf6+ Kxf6 24. Rxe8 Rxe8 25. g3 Ke6 26. cxd5+ Nxd5 27.
Nc4 Rc8 28. Re1+ Kf6 29. Ne5 Be6 30. Nd3 Nc3 31. Nc1 Nb5 32. Ne2 g5 33. Rc1 c5
34. dxc5 Rxc5 35. Rxc5 bxc5 36. Bc6 Nd4 37. Nxd4 cxd4 38. Kf1 Ke5 39. Ke2 Kd6
40. Bb7 Kc5 41. f4 gxf4 42. gxf4 Kb4 43. Kd3 Ka3 44. Kxd4 Kxa2 45. b4 Kb3 46.
Kc5 Kc3 47. Ba6 Bf7 48. Bc8 Bg6 49. Bd7 Kb3 50. b5 Kc3 51. Kd5 Kb4 52. Kc6 Bh5
53. Kb7 Be2 54. Bxf5 Bxb5 55. Kxa7 Kc5 56. Bxh7 Kd6 57. Kb6 Bd7 58. Be4 Bh3 59.
Kb5 Ke6 60. Kc5 Kf6 61. Kd4 Bg4 62. Ke3 Bh5 63. Kf2 Bd1 64. Kg3 Bh5 65. Bf3 Bg6
66. h4 Bd3 67. Kg4 Bg6 68. Be2 Be4 69. Kh5 Kf5 70. Kh6 Kxf4 71. Kg7 Kf5 $4 (
71... Bd3 $11) 72. h5 Kg5 73. h6 Bc2 74. Bc4 Be4 75. Bg8 Bd3 76. Bh7 Bc4 77.
Bc2 Bb3 1-0

[Event "ENHM/La Tour du Roi"]
[Site "?"]
[Date "2015.02.01"]
[Round "5"]
[White "Robert-Dehault, Etienne"]
[Black "Pytel, Bozena"]
[Result "1/2-1/2"]
[WhiteElo "1892"]
[BlackElo "1940"]
[PlyCount "103"]
[EventDate "2015.02.04"]
[SourceDate "2015.02.06"]

1. d4 f5 2. e4 fxe4 3. Nc3 Nf6 4. f3 d5 5. fxe4 dxe4 6. Bg5 g6 7. Bxf6 exf6 8.
Nxe4 Bg7 9. c3 Qe7 10. Qe2 O-O 11. Nc5 Re8 12. O-O-O Bf5 13. Qc4+ Kh8 14. Bd3
Bxd3 15. Qxd3 b6 16. Nb3 Nd7 17. Nf3 a5 18. Nbd2 Nf8 19. Rhe1 Qd7 20. Rxe8 Rxe8
21. Re1 Rxe1+ 22. Nxe1 Ne6 23. Nef3 Bh6 24. Kb1 Nf4 25. Qf1 Qf5+ 26. Ka1 Nd5
27. Qe2 Ne3 28. a3 Qe6 29. Nf1 Kg7 30. Nxe3 Qxe3 31. Qxe3 Bxe3 32. b3 Kf7 33.
Kb2 Ke6 34. Kc2 Bf4 35. Kd3 h5 36. Ke4 Bc1 37. a4 f5+ 38. Kd3 g5 39. c4 g4 40.
d5+ Kd6 41. Nd4 Bf4 42. g3 Be5 43. Nxf5+ Kc5 44. Kc2 Bf6 45. Nh4 Kd4 46. Ng2
Be5 47. Kd2 Ke4 48. Ke2 Bd6 49. Nh4 Be5 50. Ng6 Bd6 51. Nh4 Be5 52. Ng6 1/2-1/2

[Event "ENHM/La Tour du Roi"]
[Site "?"]
[Date "2015.02.01"]
[Round "5"]
[White "Shasverdaschvili, Ikakli"]
[Black "Talbot, Remi"]
[Result "0-1"]
[WhiteElo "1668"]
[BlackElo "1720"]
[PlyCount "68"]
[EventDate "2015.02.04"]
[SourceDate "2015.02.06"]

1. c4 Nf6 2. Nc3 g6 3. e3 Bg7 4. Nf3 d6 5. Be2 c5 6. d3 O-O 7. O-O Nc6 8. a3
Bg4 9. Rb1 Qc7 10. Bd2 a6 11. b4 b6 12. b5 axb5 13. Nxb5 Qd7 14. Ng5 Bxe2 15.
Qxe2 Qg4 16. Nf3 Ne5 17. Kh1 Nxf3 18. gxf3 Qh5 19. Rg1 Nd7 20. Rg3 d5 21. Rbg1
dxc4 22. dxc4 Be5 23. R3g2 Rfd8 24. Bc1 Nf6 25. e4 Ne8 26. Qe3 Qh3 27. Nc3 Bd4
28. Qe1 Qxf3 29. Nd5 Nf6 30. Nxe7+ Kf8 31. Nc6 Ng4 32. Nxd4 Rxd4 33. Be3 Rxe4
34. Qc3 Rxe3 0-1

[Event "ENHM/La Tour du Roi"]
[Site "?"]
[Date "2015.02.01"]
[Round "5"]
[White "Laurain, Hery Dominic"]
[Black "Roule, Nicolas"]
[Result "0-1"]
[WhiteElo "1560"]
[BlackElo "1636"]
[PlyCount "50"]
[EventDate "2015.02.04"]
[SourceDate "2015.02.06"]

1. Nf3 d5 2. b3 Nf6 3. Bb2 e6 4. e3 Be7 5. Be2 O-O 6. O-O Nbd7 7. d4 c5 8. Nbd2
cxd4 9. Bxd4 Bc5 10. Ne5 Qc7 11. Ndf3 Nxe5 12. Bxe5 Qe7 13. c4 Bd7 14. cxd5
Nxd5 (14... exd5 15. Bc4) 15. Bc4 Bc6 16. Nd4 Bd7 17. Bxd5 exd5 18. Nf3 Bb5 19.
Re1 Bb4 20. Qxd5 Bc6 21. Qd4 Bxe1 22. Rxe1 Rad8 23. Qg4 f6 24. Bd4 Bxf3 25.
gxf3 Rxd4 0-1

[Event "ENHM/La Tour du Roi"]
[Site "?"]
[Date "2015.02.01"]
[Round "5"]
[White "Louis, André"]
[Black "Peteuil, Camille"]
[Result "1-0"]
[WhiteElo "1678"]
[BlackElo "1450"]
[PlyCount "83"]
[EventDate "2015.02.04"]
[SourceDate "2015.02.07"]

1. e4 e5 2. Nf3 Nc6 3. Bb5 a6 4. Bxc6 dxc6 5. O-O Bg4 6. h3 Bh5 7. d3 Bc5 8.
Be3 Bb6 9. Nbd2 f6 10. g4 Bf7 11. Qe2 Qd7 12. Rad1 O-O-O 13. Nb3 Qe7 14. Kg2 h6
15. c3 c5 16. Rd2 c4 17. dxc4 Rxd2 18. Nfxd2 Bxe3 19. Qxe3 h5 20. f3 hxg4 21.
fxg4 Nh6 22. Qc5 Qxc5 23. Nxc5 Rd8 24. Rf2 b6 25. Nxa6 Kb7 26. Nb4 Ra8 27. a3
Ra4 28. Nd5 c6 29. Ne3 Be6 30. Kg3 Ra8 31. Nf5 Nxf5+ 32. gxf5 Bf7 33. h4 Rg8
34. Kh3 Rh8 35. Rg2 g5 36. fxg6 Be6+ 37. Kg3 Rg8 38. h5 f5 39. exf5 Bxf5 40.
Kh4 Bd3 41. Kg5 e4 42. Kf4 1-0

[Event "ENHM/La Tour du Roi"]
[Site "?"]
[Date "2015.02.01"]
[Round "5"]
[White "Louis, Vincent"]
[Black "Bouvrande, Alexis"]
[Result "1-0"]
[WhiteElo "1416"]
[BlackElo "1180"]
[PlyCount "89"]
[EventDate "2015.02.04"]
[SourceDate "2015.02.07"]

1. e4 c6 2. d4 d5 3. e5 Bf5 4. Bd3 Bxd3 5. Qxd3 e6 6. Nf3 Nd7 7. O-O g6 8. Bg5
Ne7 9. Nbd2 Qc7 10. Rfc1 b5 11. b4 h6 12. Be3 Nf5 13. c3 Be7 14. a4 Qb7 15. a5
a6 16. Re1 Nh4 17. Nxh4 Bxh4 18. Nf3 Be7 19. Kf1 Rd8 20. Qd2 Bf8 21. Ke2 Bg7
22. Rh1 g5 23. Qd3 g4 24. Nd2 h5 25. h3 Ke7 26. Bg5+ f6 27. Qg6 fxg5 28. Qxg7+
Ke8 29. Qxh8+ Ke7 30. Qxh5 Rg8 31. hxg4 Qc8 32. Qh7+ Kf8 33. Rh6 Rg7 34. Qd3
Kf7 35. Rah1 Nf8 36. Rf6+ Ke7 37. Rh8 Rf7 38. Rxf7+ Kxf7 39. Qh7+ Nxh7 40. Rxc8
Nf8 41. Rxc6 Ke7 42. Rxa6 Nd7 43. Ra7 Ke8 44. a6 Kd8 45. Rxd7+ 1-0

[Event "N4 Reims / Blagny"]
[Site "?"]
[Date "2015.03.28"]
[Round "5.1"]
[White "Magnier, Christophe"]
[Black "Fourcart, Maxence"]
[Result "0-1"]
[WhiteElo "1806"]
[BlackElo "2073"]
[PlyCount "80"]
[EventDate "2015.03.28"]
[SourceDate "2015.03.28"]

1. d4 d5 2. Nf3 Nf6 3. Bf4 g6 4. h3 Bg7 5. e3 O-O 6. Be2 c5 7. c3 Nc6 8. O-O
Bf5 9. dxc5 Ne4 10. Nd4 Nxc5 11. Nxf5 gxf5 12. Bg5 Ne4 13. Bh4 Ne5 14. f3 Nf6
15. g4 Ng6 16. Qe1 Nxh4 17. Qxh4 Qb6 18. Rf2 Qxe3 19. Na3 Bh6 20. Nc2 Qf4 21.
Rg2 Bg5 22. Qf2 fxg4 23. h4 Bh6 24. fxg4 Qxf2+ 25. Rxf2 Ne4 26. Rf5 e6 27. Rf3
f6 28. Rd1 Rf7 29. Bd3 Nc5 30. Nd4 Re8 31. Bb5 Ree7 32. Re1 Rg7 33. Rxf6 Rxg4+
34. Kf1 Bg7 35. Rf3 Bxd4 36. cxd4 Rxd4 37. Rc1 b6 38. h5 Rf7 39. Kg2 Rd2+ 40.
Kg3 Rxf3+ 0-1

[Event "N4 Reims / Blagny"]
[Site "?"]
[Date "2015.03.28"]
[Round "5.4"]
[White "Fourcart, Marc"]
[Black "Amoros, Pierre"]
[Result "0-1"]
[WhiteElo "1720"]
[BlackElo "1730"]
[PlyCount "44"]
[EventDate "2015.03.28"]
[SourceDate "2015.03.28"]

1. d4 d5 2. Nf3 Bg4 3. Nbd2 Nf6 4. e3 e6 5. Bd3 c5 6. b3 cxd4 7. exd4 Nc6 8.
Bb2 Bd6 9. O-O O-O 10. c4 Qc7 11. Qe1 Nb4 12. Bb1 dxc4 13. a3 c3 14. axb4 cxb2
15. Ra2 Bxb4 16. Rxb2 Bxf3 17. gxf3 Qf4 18. Qe3 Nd5 19. Qd3 g6 20. Nc4 Qg5+ 21.
Kh1 Nf4 22. Rg1 Qxg1+ 0-1

[Event "N4 Reims / Blagny"]
[Site "?"]
[Date "2015.03.28"]
[Round "5.8"]
[White "Van Malderen, Siegfried"]
[Black "Tritant, Mathias"]
[Result "0-1"]
[WhiteElo "1440"]
[BlackElo "1399"]
[PlyCount "66"]
[EventDate "2015.03.28"]
[SourceDate "2015.03.28"]

1. Nf3 d5 2. g3 Nf6 3. Bg2 Nc6 4. d4 Bf5 5. O-O e6 6. a3 Be7 7. Nc3 h6 8. e3 g5
9. Bd2 Ne4 10. Nxe4 Bxe4 11. c3 g4 12. Ne1 Bf5 13. f3 h5 14. fxg4 hxg4 15. Rf2
Qd6 16. Bf1 Be4 17. Qxg4 O-O-O 18. Bd3 Rdg8 19. Qf4 f5 20. Bxe4 dxe4 21. Ng2
Qd5 22. Re2 Na5 23. Rae1 Rh7 24. Qe5 c6 25. Nf4 Qxe5 26. dxe5 Rh6 27. Rg2 Nc4
28. Bc1 Nxe5 29. Rd1 Nf3+ 30. Kh1 Rxg3 31. Rf1 Rxg2 32. Kxg2 Rxh2+ 33. Kg3 Bh4#
0-1

[Event "N4 Reims / Blagny"]
[Site "?"]
[Date "2015.03.28"]
[Round "5.7"]
[White "Francois, Gwladys"]
[Black "Habran, Gael"]
[Result "1-0"]
[WhiteElo "1524"]
[BlackElo "1535"]
[PlyCount "115"]
[EventDate "2015.03.28"]
[SourceDate "2015.03.28"]

1. e4 c6 2. d4 d5 3. e5 Bf5 4. Nf3 e6 5. c3 Nd7 6. Be3 Ne7 7. Nbd2 Qc7 8. Nb3
Nc8 9. Rc1 Ncb6 10. Nh4 Bg6 11. Nxg6 hxg6 12. Be2 Be7 13. Nd2 f6 14. f4 g5 15.
Bg4 gxf4 16. Bxf4 fxe5 17. dxe5 Nc5 18. Qe2 Kd7 19. O-O g5 20. Bg3 Raf8 21. b3
Qb8 22. c4 Na6 23. cxd5 Nxd5 24. Nf3 Bc5+ 25. Bf2 Bxf2+ 26. Rxf2 Nf4 27. Qd2+
Ke7 28. Nxg5 Qxe5 29. Nf3 Qe4 30. Ne1 Nb4 31. Rc4 Qh7 32. Rcxf4 Qxh2+ 33. Kf1
Rxf4 34. Qxf4 Qxf4 35. Rxf4 Nd5 36. Rf3 Rh1+ 37. Kf2 Nf6 38. Bh3 Ne4+ 39. Ke2
Ng5 40. Rf1 Rxf1 41. Kxf1 Nxh3 42. gxh3 Kf6 43. Kf2 Kf5 44. Kf3 c5 45. Nc2 b5
46. Ne3+ Ke5 47. h4 Kf6 48. Ke4 a6 49. Ng4+ Kg6 50. Ne5+ Kh5 51. Nd7 c4 52.
bxc4 bxc4 53. Kd4 Kxh4 54. Kxc4 Kg5 55. Nc5 e5 56. Nxa6 e4 57. Nb4 Kf4 58. Nc2
1-0

[Event "N4 Reims / Blagny"]
[Site "?"]
[Date "2015.03.28"]
[Round "5.3"]
[White "Caray, Jérome"]
[Black "Salentiny, Eric"]
[Result "0-1"]
[WhiteElo "1753"]
[BlackElo "1938"]
[PlyCount "142"]
[EventDate "2015.03.28"]
[SourceDate "2015.03.28"]

1. d4 Nf6 2. c4 e6 3. Nf3 c5 4. d5 exd5 5. cxd5 d6 6. Nc3 a6 7. e4 b5 8. Bd3
Bg4 9. O-O Nbd7 10. Re1 Ne5 11. Be2 Bxf3 12. gxf3 b4 13. Na4 g5 14. f4 gxf4 15.
Bxf4 Rg8+ 16. Kf1 Qd7 17. f3 Qh3+ 18. Kf2 Nxe4+ 19. Ke3 Nf6 20. Nb6 Bh6 21.
Bxh6 Qxh6+ 22. Kf2 Qxh2+ 23. Ke3 Qh6+ 24. Kf2 Qh4+ 25. Ke3 Qg5+ 26. f4 Qg3+ 27.
Kd2 Qxf4+ 28. Kc2 Rb8 29. Nc4 Nxc4 30. Bxc4+ Kf8 31. Qe2 Re8 32. Qf1 Qxf1 33.
Rxe8+ Nxe8 34. Rxf1 Nc7 35. a3 a5 36. axb4 axb4 37. Ra1 Rg5 38. Rd1 h5 39. Rd3
h4 40. Rh3 Rg2+ 41. Kc1 Rg4 42. b3 Rd4 43. Kc2 Nxd5 44. Bxd5 Rxd5 45. Rxh4 Ke7
46. Re4+ Re5 47. Rh4 Ke6 48. Rh6+ Kd5 49. Rf6 Ke4 50. Rxf7 Rf5 51. Re7+ Kd4 52.
Re2 d5 53. Rd2+ Ke5 54. Re2+ Kd6 55. Rd2 Kc6 56. Rg2 c4 57. Rh2 Kc5 58. Rg2 Re5
59. Rh2 Re3 60. bxc4 dxc4 61. Rh5+ Kd4 62. Rh4+ Re4 63. Rh2 b3+ 64. Kb2 Kd3 65.
Rh8 Re2+ 66. Kb1 Kc3 67. Rh3+ Kb4 68. Rh4 Ka3 69. Rxc4 Re1+ 70. Rc1 Rxc1+ 71.
Kxc1 Ka2 0-1

[Event "N4 Reims / Blagny"]
[Site "?"]
[Date "2015.03.28"]
[Round "5.5"]
[White "Barat, Jacques"]
[Black "Hanot, Wilfried"]
[Result "1/2-1/2"]
[WhiteElo "1788"]
[BlackElo "1816"]
[PlyCount "35"]
[EventDate "2015.03.28"]
[SourceDate "2015.03.28"]

1. Nf3 Nf6 2. d4 g6 3. g3 Bg7 4. Bg2 O-O 5. O-O d6 6. Re1 Nbd7 7. e4 c5 8. c3
Re8 9. e5 dxe5 10. Nxe5 cxd4 11. cxd4 Qb6 12. Qb3 Qxb3 13. axb3 Nb6 14. Nc3 a6
15. Be3 Rb8 16. Rac1 Be6 17. Na4 Nxa4 18. bxa4 1/2-1/2

[Event "N4 Reims / Blagny"]
[Site "?"]
[Date "2015.03.28"]
[Round "5.2"]
[White "Monaville, Guy"]
[Black "Nawara, Abd El Rahim"]
[Result "1-0"]
[WhiteElo "2088"]
[BlackElo "1757"]
[PlyCount "93"]
[EventDate "2015.03.28"]
[SourceDate "2015.03.28"]

1. e4 e6 2. d3 Nc6 3. Nf3 h6 4. g3 Be7 5. Bg2 d6 6. c3 Nf6 7. O-O b6 8. Re1 Bb7
9. d4 d5 10. exd5 exd5 11. Nbd2 O-O 12. Ne5 Bd6 13. Ndf3 Re8 14. Bf4 Ne7 15.
Nd3 Ne4 16. Nd2 Ng6 17. Bxd6 Qxd6 18. f3 Ng5 19. Qa4 Bc6 20. Qc2 Bd7 21. Nf2 c6
22. Qd3 b5 23. f4 Nh7 24. Nf3 Ne7 25. Ne5 Bf5 26. Qd2 Nf6 27. g4 Bh7 28. f5 h5
29. h3 Nd7 30. Nxd7 Qxd7 31. Qg5 hxg4 32. Nxg4 Qd6 33. f6 Ng6 34. Rf1 Qf8 35.
fxg7 Kxg7 36. Qf6+ Kg8 37. Qxc6 Re6 38. Qxd5 Rb8 39. Rxf7 Qd6 40. Raf1 Rd8 41.
Qh5 Nf8 42. Nf6+ Rxf6 43. R1xf6 Qg3 44. Rxf8+ Rxf8 45. Rxf8+ Kxf8 46. Qf3+ Qxf3
47. Bxf3 1-0

[Event "N4 Reims / Blagny"]
[Site "?"]
[Date "2015.03.28"]
[Round "5.6"]
[White "Romain, Adeline"]
[Black "Aubin, Jean Paul"]
[Result "0-1"]
[WhiteElo "1660"]
[BlackElo "1590"]
[PlyCount "118"]
[EventDate "2015.03.28"]
[SourceDate "2015.03.28"]

1. d4 Nf6 2. Nf3 g6 3. e3 Bg7 4. Bd3 O-O 5. O-O d6 6. Nbd2 Nc6 7. a3 e5 8. dxe5
dxe5 9. b3 e4 10. Be2 Nd7 11. Nd4 Nxd4 12. exd4 Bxd4 13. Rb1 e3 14. fxe3 Bxe3+
15. Kh1 Nb6 16. Nf3 Qxd1 17. Rxd1 Bxc1 18. Rbxc1 Bf5 19. Nd4 Be6 20. Bf3 c6 21.
c4 Rad8 22. Kg1 Nd7 23. Nxe6 fxe6 24. Re1 Nc5 25. Rc3 Rf6 26. Rce3 Kf7 27. b4
Nd7 28. h4 h5 29. Kf2 e5 30. Kg3 Rf4 31. c5 Kf6 32. Kh3 g5 33. hxg5+ Kxg5 34.
g3 Rd4 35. Rg1 Re8 36. g4 h4 37. Rge1 Kf4 38. Kg2 e4 39. Bd1 Nf6 40. Rh3 Rd2+
41. Kf1 Kg5 42. Rhe3 Red8 43. Be2 Rf8 44. Kg1 Kf4 45. Bc4 Kxg4 46. Rf1 Rd4 47.
Be6+ Kg5 48. Re2 Nh7 49. Rg2+ Kh6 50. Rxf8 Nxf8 51. Bf5 e3 52. Bg4 Ng6 53. Kf1
Nf4 54. Rh2 Kg5 55. Bf3 Rd3 56. a4 Rd4 57. b5 Rxa4 58. Ke1 Ra1+ 59. Bd1 e2 0-1

[Event "N4 E Aubois 1-  BME "]
[Site "?"]
[Date "2015.03.28"]
[Round "5"]
[White "Guyot, Philippe"]
[Black "George, Michael"]
[Result "1/2-1/2"]
[WhiteElo "1962"]
[BlackElo "1991"]
[PlyCount "38"]
[EventDate "2012.10.14"]
[SourceDate "2015.03.29"]

1. d4 d5 2. Nf3 Nf6 3. e3 g6 4. Bd3 Bg7 5. Nbd2 O-O 6. c3 Nbd7 7. O-O e5 8.
Nxe5 Nxe5 9. dxe5 Ng4 10. Nf3 Qe7 11. e4 dxe4 12. Bxe4 Nxe5 13. Nxe5 Qxe5 14.
Bf3 Qb5 15. a4 Qb6 16. a5 Qb5 17. a6 c6 18. axb7 Bxb7 19. Qc2 c5 1/2-1/2

[Event "N4 E Aubois 1-  BME "]
[Site "?"]
[Date "2015.03.28"]
[Round "5"]
[White "Moine, Patrick"]
[Black "Aubriet, Laurent"]
[Result "0-1"]
[WhiteElo "1816"]
[BlackElo "1924"]
[PlyCount "68"]
[EventDate "2012.10.14"]
[SourceDate "2015.03.29"]

1. d4 g6 2. c4 Nf6 3. Nc3 Bg7 4. Nf3 O-O 5. h3 d6 6. Bg5 h6 7. Bh4 Nbd7 8. e4
c5 9. d5 b5 10. cxb5 a6 11. bxa6 Bxa6 12. Bxa6 Rxa6 13. O-O Qb6 14. Rb1 Qb4 15.
a3 Qb7 16. Bg3 Rb6 17. Qc2 Rb8 18. b4 cxb4 19. Rxb4 Rxb4 20. axb4 Nh5 21. Rb1
Nxg3 22. fxg3 Rc8 23. Rb3 Qb6+ 24. Kh2 Qc7 25. e5 Nxe5 26. Nd2 Nd7 27. Ndb1 Nb6
28. Qe2 Be5 29. Nb5 Qc1 30. Qd3 h5 31. Na7 h4 32. Qa6 hxg3+ 33. Rxg3 Qe1 34.
Qa3 Rc1 0-1

[Event "N4 E Aubois 1-  BME "]
[Site "?"]
[Date "2015.03.28"]
[Round "5"]
[White "Boillon, Vincent"]
[Black "Ferrand, Christophe"]
[Result "1-0"]
[WhiteElo "2072"]
[BlackElo "1889"]
[PlyCount "49"]
[EventDate "2012.10.14"]
[SourceDate "2015.03.29"]

1. d4 Nf6 2. c4 e6 3. Nc3 Bb4 4. Qb3 Bxc3+ 5. Qxc3 Ne4 6. Qc2 f5 7. Nf3 O-O 8.
e3 b6 9. Bd3 Bb7 10. O-O d6 11. Nd2 Nxd2 12. Bxd2 Nc6 13. Bc3 Ne7 14. Rad1 d5
15. f3 Rc8 16. e4 c6 17. Rfe1 Qd7 18. Qa4 a6 19. exd5 cxd5 20. Qb4 Ng6 21. cxd5
exd5 22. Qxb6 Rc6 23. Qb4 Rf7 24. Bc2 Qd8 25. Ba4 1-0

[Event "N4 E Aubois 1-  BME "]
[Site "?"]
[Date "2015.03.28"]
[Round "5"]
[White "Prost, Catherine"]
[Black "Meulin, Georges"]
[Result "0-1"]
[WhiteElo "1320"]
[BlackElo "1687"]
[PlyCount "48"]
[EventDate "2012.10.14"]
[SourceDate "2015.03.29"]

1. Nf3 Nf6 2. b3 d6 3. Bb2 e5 4. e3 Bg4 5. Be2 Nc6 6. O-O g6 7. d3 Bg7 8. Nbd2
O-O 9. h3 Bd7 10. c4 Qe7 11. Qc2 d5 12. Rfe1 e4 13. Nh2 Nb4 14. Qb1 Nxd3 15.
Bxd3 exd3 16. Qxd3 Bf5 17. Qd4 Ne8 18. Qxd5 c6 19. Qf3 Bxb2 20. Rad1 Bc2 21.
Rc1 Bxc1 22. Rxc1 Bf5 23. e4 Rd8 24. Rd1 Bxe4 0-1

[Event "N4 E Aubois 1-  BME "]
[Site "?"]
[Date "2015.03.28"]
[Round "5"]
[White "Delmont, jean-Robert"]
[Black "Guillaume, Jean-francois"]
[Result "1/2-1/2"]
[WhiteElo "1957"]
[BlackElo "1806"]
[PlyCount "56"]
[EventDate "2012.10.14"]
[SourceDate "2015.03.29"]

1. d4 Nc6 2. Nf3 d6 3. c4 g6 4. Nc3 Bg7 5. e4 Nf6 6. d5 Nb8 7. Be2 O-O 8. h3
Nbd7 9. Be3 b6 10. O-O Nc5 11. Nd2 a5 12. Qc2 e5 13. b3 Nfd7 14. a3 f5 15. exf5
gxf5 16. f4 Qf6 17. Nb5 Na6 18. fxe5 Nxe5 19. Rae1 Bd7 20. Nd4 Qg6 21. N2f3
Rae8 22. Nh4 Qg3 23. Bf2 Qg5 24. Nhf3 Qh6 25. Nxe5 Bxe5 26. Nf3 Bf6 27. Bd3 Qf4
28. Qd2 Qxd2 1/2-1/2

[Event "N4 E Aubois 1-  BME "]
[Site "?"]
[Date "2015.03.28"]
[Round "5"]
[White "Hascher, Nicolas"]
[Black "Marte, Sebastien"]
[Result "1/2-1/2"]
[WhiteElo "2064"]
[BlackElo "1949"]
[PlyCount "83"]
[EventDate "2012.10.14"]
[SourceDate "2015.03.29"]

1. d4 Nf6 2. Nf3 e6 3. c4 d5 4. Nc3 c6 5. Bf4 Bd6 6. Bxd6 Qxd6 7. e3 O-O 8. Ne5
Nbd7 9. f4 c5 10. Bd3 cxd4 11. exd4 dxc4 12. Bxc4 Nb6 13. O-O Rd8 14. Nb5 Qe7
15. Qb3 a6 16. Na3 Nxc4 17. Naxc4 Rxd4 18. Rad1 Rxd1 19. Rxd1 b5 20. Nd6 Bb7
21. Ndxf7 Qc5+ 22. Kh1 Bd5 23. Qg3 Ra7 24. Ng5 Qc2 25. Re1 Rc7 26. h4 Nh5 27.
Qg4 Qf2 28. Rg1 Nxf4 29. Ngf3 Ne2 30. Rd1 Ng3+ 31. Kh2 Nf1+ 32. Kh1 Ne3 33.
Qxe6+ Kh8 34. Nf7+ Rxf7 35. Qe8+ Rf8 36. Qxf8+ Bg8 37. Rg1 Qxb2 38. h5 Qxa2 39.
h6 Qb2 40. Qe8 Ng4 41. hxg7+ Qxg7 42. Qh5 1/2-1/2